Relationship Grit

Bibliographic Details
Main Author: Gordon,Jon
Other Authors: Title
Format: Book
Published: Wiley Boston : MA Safari , 2020
Subjects:

MARC

LEADER 00000cam a2200000 7i4500
001 0000088080
005 20230125155559.0
008 220321
020 |a 9781119430339 
041 0 |a English 
090 0 0 |a 158.2   |b GOR 
100 1 |a Gordon,Jon 
245 1 0 |a Relationship Grit   |c Jon Gordon 
260 |a Wiley Boston :   |b MA Safari ,   |c 2020 
300 |a 141p. :   |b ill., col. ;   |c 22 cm. 
541 |c Purchased on 2021   |f KPM/JI/132   |h RM77.20 
650 0 |a Interpersonal relations 
650 0 |a Relations 
700 0 |a Title 
999 |a 0001677000   |b Book   |c Adult Collection   |e Perbadanan Perpustakaan Awam Johor